| Tag |
First Indicator |
Second Indicator |
Subfields |
| LEADER |
00000cam a2200000 a 4500 |
| 001 |
in00000083337 |
| 005 |
20151008061231.0 |
| 008 |
791116s1980 nyu b 00000 engm |
| 010 |
|
|
|a 79087582
|
| 020 |
|
|
|a 0873520882 (pbk.) :
|c $8.00
|
| 035 |
|
|
|a (OCoLC)05774979
|
| 035 |
|
|
|9 AAJ7609AM
|
| 040 |
|
|
|a DLC
|c DLC
|d m.c.
|d TXA
|d UtOrBLW
|
| 043 |
|
|
|a n-us---
|
| 049 |
|
|
|a TXAM
|c [1196721]
|
| 050 |
0 |
0 |
|a P57.U7
|b L3
|
| 082 |
0 |
|
|a 407/.1073
|
| 245 |
0 |
0 |
|a Language study for the 1980's :
|b reports of the MLA-ACLS language task forces /
|c edited by Richard I. Brod.
|
| 264 |
|
1 |
|a New York, N.Y. :
|b Modern Language Association of America,
|c 1980.
|
| 300 |
|
|
|a 106 pages ;
|c 28 cm.
|
| 336 |
|
|
|a text
|b txt
|2 rdacontent
|
| 337 |
|
|
|a unmediated
|b n
|2 rdamedia
|
| 338 |
|
|
|a volume
|b nc
|2 rdacarrier
|
| 504 |
|
|
|a Includes bibliographical references.
|
| 650 |
|
0 |
|a Language and languages
|x Study and teaching
|z United States.
|
| 700 |
1 |
|
|a Brod, Richard I.
|
| 710 |
2 |
|
|a Modern Language Association of America.
|
| 710 |
2 |
|
|a American Council of Learned Societies.
|
| 999 |
|
|
|a MARS
|
| 999 |
f |
f |
|s 4d35195b-7260-3762-a444-54a2370c07b9
|i f140d77d-2654-3fad-894f-2d25c2ea5dfa
|t 0
|
| 952 |
f |
f |
|p ric
|a Texas A&M University
|b Rellis Campus
|c Joint Library Facility
|s JLF
|d Remote Storage
|t 0
|e P57.U7 L3
|h Library of Congress classification
|i unmediated -- volume
|m A14806171709
|
| 998 |
f |
f |
|a P57.U7 L3
|t 0
|l Remote Storage
|